000 00366nam a2200169Ia 4500
001 31963
003 IN-NITTTR
005 20251114233426.0
008 251113s9999||||xx |||||||||||||| ||eng||
040 _beng
040 _cIN-NITTTR
041 _aeng
082 _a823 K587O
100 _aKing, Stephen
245 0 _aOutsider /
_cKing, Stephen
942 _2ddc
_cBK
999 _c34593
_d34593